00334nam a22001217a 450000500170000000800410001704000130005808200190007110000210009024500510011126000420016230000080020420181221113610.0181221b ||||| |||| 00| 0 eng d cPK-LaUMT aRHC 297bABU-T aAbul Ala Maududi aTowards understanding Islam/cAbul Ala Maududi aLahore:bIdara tarjumanul Quranc1978 a179